书目信息 |
| 题名: |
塑料模具计算机辅助设计
|
|
| 作者: | 胡海青 主编 | |
| 分册: | ||
| 出版信息: | 北京 化学工业出版社 2003.07 |
|
| 页数: | 194页 | |
| 开本: | 26cm | |
| 丛书名: | ||
| 单 册: | ||
| 中图分类: | TQ320.5-39 | |
| 科图分类: | ||
| 主题词: | 合成树脂--化学工业 , 塑料工业 | |
| 电子资源: | ||
| ISBN: | 7-5025-4501-8 | |
| 000 | 00605nam0 2200205 45 | |
| 001 | 0454427649 | |
| 005 | 2004042815070748 | |
| 010 | @a7-5025-4501-8@dCNY 29.00 | |
| 100 | @a20040428d2003 km y0chiy0120 ea | |
| 101 | 0 | @achi |
| 102 | @aCN@b110000 | |
| 200 | 1 | @a塑料模具计算机辅助设计@ASu Liao Mo Ju Ji Suan Ji Fu Zhu She Ji@f胡海青主编@FHu Hai Qing Zhu Bian |
| 210 | @a北京@c化学工业出版社@d2003.07 | |
| 215 | @a194页@d26cm | |
| 606 | 0 | @a合成树脂@x化学工业 |
| 606 | 0 | @a塑料工业 |
| 690 | @aTQ320.5-39@v3 | |
| 701 | 0 | @a胡海青@AHu Hai Qing@4主编 |
| 801 | 0 | @aCN@bPFT@c20040428 |
| 905 | @dTQ320.5-39@eH475 | |
| 塑料模具计算机辅助设计/胡海青主编.-北京:化学工业出版社,2003.07 |
| 194页;26cm |
| ISBN 7-5025-4501-8:CNY 29.00 |
| ● |
| 相关链接 |
|
|
|
正题名:塑料模具计算机辅助设计
索取号:TQ320.5-39/H475
 
预约/预借
| 序号 | 登录号 | 条形码 | 馆藏地/架位号 | 状态 | 备注 |
| 1 | 390100 | 203901000 | 期刊室512/501自科库 140排6列4层/ [索取号:TQ320.5-39/H475] | 在馆 | |
| 2 | 390101 | 203901019 | 自科库501/501自科库 140排6列4层/ [索取号:TQ320.5-39/H475] | 在馆 | |
| 3 | 390102 | 203901028 | 自科库501/501自科库 140排6列4层/ [索取号:TQ320.5-39/H475] | 在馆 |